Städte in der Pokémon Sinnoh-Region auf einer Karte - Statistiken

Allgemein
  • Dieses Quiz wurde 827 mal gespielt
    811 seit der letzten Aktualisierung
  • Das Durchschnittsergebnis liegt bei 14 aus 18
Antworten auf der Karte
Die Antworten werden auf der Karte rot bzw. grün angezeigt, abhängig davon wie oft sie richtig erraten wurden.
 
Antwortstatistiken
Antwort % Korrekt
Blizzach
92%
Pokémon Liga
86%
Jubelstadt
83%
Sonnewik
82%
Zweiblattdorf
80%
Erzelingen
79%
Herzhofen
79%
Fleetburg
78%
Sandgemme
78%
Flori
75%
Ewigenau
74%
Erholungsgebiet
72%
Weideburg
71%
Elyses
70%
Schleiede
70%
Trostu
66%
Überlebensareal
61%
Kampfareal
60%
Keine übereinstimmenden Quizze gefunden
Verteilung der Resultate
Anzahl Personen mit jedem Resultat
Perzentil nach korrekt beantworteten Fragen
Ihre Resultats-Entwicklung
Sie haben dieses Quiz seit der letzten Aktualisierung nicht gespielt